Numéros des pilotes de Formule 1 en 2024 - Click Quiz - Statistiques

Statistiques générales
  • Ce quiz a été pris 4 373 fois
    2 718 depuis la dernière actualisation
  • Le résultat moyen est 15 sur 24
Statistiques - réponses
Hint Réponse % Correct
Max Verstappen 1
90%
Lewis Hamilton 44
89%
Charles Leclerc 16
87%
Lando Norris 4
86%
Pierre Gasly 10
83%
Carlos Sainz 55
81%
Daniel Ricciardo 3
73%
George Russell 63
72%
Oscar Piastri 81
71%
Fernando Alonso 14
68%
Valtteri Bottas 77
67%
Sergio Perez 11
66%
Esteban Ocon 31
66%
Lance Stroll 18
58%
Yuki Tsunoda 22
57%
Alexander Albon 23
49%
Oliver Bearman 38/87
48%
Nico Hülkenberg 27
45%
Logan Sargeant 2
43%
Kevin Magnussen 20
37%
Guanyou Zhou 24
34%
Franco Colapinto 43
34%
Liam Lawson 30
32%
Jack Doohan 61
25%
Aucun quiz correspondant
Distribution des résultats
% des personnes avec chaque résultat
Percentile par nombre de réponses
Votre historique - résultats
Vous n’avez pas pris ce quiz depuis la dernière actualisation